| 000 | 00527nam a2200205Ia 4500 | ||
|---|---|---|---|
| 005 | 20250508165712.0 | ||
| 008 | 008 250505s9999 xx 000 0 eng d | ||
| 037 | _aTextual | ||
| 040 |
_aFEDL _beng _cFEDL |
||
| 041 |
_aeng _2eng |
||
| 084 |
_a823, TAR/O _qFEDL |
||
| 100 |
_aTara Ramaseshan _9781667 |
||
| 245 | 0 | _aSkelly tale | |
| 260 |
_aMumbai, India _bIETS Publication _c2004 |
||
| 300 | _a41p. | ||
| 365 |
_aINR _b75 |
||
| 546 | _aC.S.E.C | ||
| 942 |
_cTEXL _h823, TAR/O |
||
| 999 |
_c1396853 _d1396853 |
||